000 00579cam a2200169 4500500
005 20260405002651.0
041 _afre
042 _adc
100 1 0 _aMorel, François
_eauthor
245 0 0 _a“ Le bonheur de l’homme est : je veux ; le bonheur de la femme est : il veut ”
260 _c2018.
500 _a77
690 _aFrançois Morel
690 _aNietzsche
786 0 _nPhilosophie magazine | 117 | 3 | 2018-03-01 | p. 67-67 | 1951-1787
856 4 1 _uhttps://shs.cairn.info/magazine-philosophie-magazine-2018-3-page-67?lang=fr&redirect-ssocas=7080
999 _c2059899
_d2059899